| 000 | | | 04064nmc2a2200000 x 450 |
| 001 | | | 2ded67db-531f-4889-aa6c-eac6b27d416f |
| 005 | | | 20170425223746.0 |
| 100 | ## | $a | 20141010l18461846k l0rusy0189 ca |
| 101 | 0# | $a | rus |
| 102 | ## | $a | RU |
| 200 | 1# | $a | Дело о подготовке материалов для отчета по Варшавскому округу за 1845 год |
| | $j | 7 января - 15 марта 1846 г. |
| 251 | ## | $c | Дело |
| 300 | ## | $a | Дело |
| 300 | ## | $a | Ориг. заголовок дела: Дело об отчете по Варшавскому учебному округу за 1845 год. 7 января 1846 г. - 15 марта 1846 г |
| 801 | #0 | $a | RU |
| | $b | РГИА |
| | $c | 20141010 |
| | $g | RCR |
| 801 | #1 | $a | RU |
| | $b | ГлавНИВЦ |
| | $c | 20141010 |
| | $2 | rusmarc |
| 801 | #2 | $a | RU |
| | $b | ПБ им. Б.Н. Ельцина |
| | $c | 20170425 |
| | $g | RCR |
| | $2 | rusmarc |
| 850 | ## | $a | РГИА |
| 852 | ## | $a | РГИА |
| | $e | Федеральное казенное учреждение "Российский государственный исторический архив" (РГИА) |
| | $j | 162 |
| 937 | ## | $h | РГИА |
| | $d | 11184484 |
| | $a | ASBIBLIO_SCAN |
| 462 | #0 | $1 | 0015a39e5d3-dc69-4a86-ab96-9d2e08e41784 |
| | $1 | 2001 |
| | $a | Дела Департамента народного просвещения по Варшавскому учебному округу |
| | $1 | 251 |
| | $c | Опись |
| | $1 | 852 |
| | $j | 77 |
| 461 | #0 | $1 | 001a74412a3-3cc5-4d21-8f0a-dfe2fbd9e72d |
| | $1 | 2001 |
| | $a | Департамент народного просвещения Министерства народного просвещения (1803-1917) |
| | $1 | 251 |
| | $c | Фонд |
| | $1 | 852 |
| | $j | 733 |
| 215 | ## | $a | 43 л. |
| | $d | 36,5х26 см |
| 371 | ## | $a | Документ не является опубликованным и широко распространяемым |
| 105 | ## | $a | y### |
| 122 | 2# | $a | d |
| 517 | 1# | $a | Дело об отчете по Варшавскому учебному округу за 1845 год. 7 января 1846 г. - 15 марта 1846 г. |
| 035 | ## | $a | 2ded67db-531f-4889-aa6c-eac6b27d416f |
| 856 | ## | $u | http://readingroom.main.prlib.ru/item.aspx?id_node=n97642062&mode=full |